ՀՀ Գիտությունների ազգային ակադեմիայի հիմնարար գիտական գրադարան  =   Fundamental Scientific Library of NAS RA

Микропалеофитологическое исследование древних свит / (Record no. 466725)

MARC details
000 -LEADER
fixed length control field 00640nam-a2200181-a-4500
001 - CONTROL NUMBER
control field YSU0108261
003 - CONTROL NUMBER IDENTIFIER
control field AM-YeHGA
005 - DATE AND TIME OF LATEST TRANSACTION
control field 20250617161148.0
008 - FIXED-LENGTH DATA ELEMENTS--GENERAL INFORMATION
fixed length control field 990909s1966 xxu 000 0 rus u
040 ## - CATALOGING SOURCE
Original cataloging agency AM-YeHGA
090 ## - LOCALLY ASSIGNED LC-TYPE CALL NUMBER (OCLC); LOCAL CALL NUMBER (RLIN)
-- 469943
100 10 - MAIN ENTRY--PERSONAL NAME
Personal name Тимофеев, Б.В.
245 10 - TITLE STATEMENT
Title Микропалеофитологическое исследование древних свит /
Statement of responsibility, etc. Б.В. Тимофеев
260 0# - PUBLICATION, DISTRIBUTION, ETC.
Place of publication, distribution, etc. Л.,
-- Москва :
Name of publisher, distributor, etc. Наука ,
Date of publication, distribution, etc. 1966.
300 ## - PHYSICAL DESCRIPTION
Extent 147 с.
550 ## - ISSUING BODY NOTE
Issuing body note АН СССР. Лаборатория геологии докембрия
650 #4 - SUBJECT ADDED ENTRY--TOPICAL TERM
Topical term or geographic name entry element Микропалеофитология
Holdings
Withdrawn status Lost status Source of classification or shelving scheme Damaged status Not for loan Collection Home library Current library Date acquired Total checkouts Full call number Barcode Date last seen Price effective from Koha item type Public note
    Universal Decimal Classification     General Fundamental Scientific Library Fundamental Scientific Library 27/02/2018   PIII/22358 FL0484136 27/02/2018 27/02/2018 Գրքեր / Books 30 Days Loan
          General Fundamental Scientific Library Fundamental Scientific Library 28/02/2018   PIII/22799 FL0484956 28/02/2018 28/02/2018 Գրքեր / Books 30 Days Loan


ՀՀ ԳԱԱ հիմնարար գիտական գրադարան
ՀՀ,Երևան 0019
Մարշալ Բաղրամյան 24/6
հեռախոս:(374-10) 52-47-50
Հետադարձ կապ

All site content, except where otherwise noted, is licensed under a
Creative Commons License